000 00611nam a22001817a 4500
005 20251108175325.0
008 250721s2014 xx 000 0 ara d
082 1 4 _a956.0669/خ
100 1 _aالخريسات، حنان احمد محمود
245 1 0 _aالسياسة الأيوبية تجاه الصليبيين (589-648هـ / 1193-1250م) /
264 1 _aعمان :
_bوزارة الثقافة،
_c2014.
300 _a171 ص.
650 1 7 _aالأيوبيون 1252-1174
650 1 7 _aالتاريخ الإسلامي
650 1 7 _aالحروب الصليبية
942 _2ddc
_cBK
999 _c131462
_d131462